000 00760nam a22002057a 4500
999 _c10048
_d10048
003 AR-CdUCM
008 190329b ||||| |||| 00| 0 spa d
040 _aMUNICIPALIDAD PROVINCIAL DEL CUSCO
_cBIBLIOTECA MUNICIPAL DEL CUSCO
082 _aC / 869.56 /
_bSA22A
100 _aSanchez Dextre, Nello Marco
_914174
245 _aAréstegui y la novela Peruana /
260 _aSicuani :
_bTalle. Offset,
_c1954.
300 _a105 páginas ;
_c19 cm.
505 _aContenido: Biografía de Aréstegui -- La época e influencias -- El padre Horán o escenas de la vida del Cuszco -- Interpretación análisis de la obra.
650 _aLiteratura Peruana
_9132
650 _aSiglo XX
_98
650 _aSicuani-Cusco
_99123
942 _2ddc
_cLIBROS
945 _aachl